000 00805nam a2200229Ia 4500
003 GCL
008 140319s9999 xx 000 0 ara d
020 _a7241305977
040 _aGCL /
_cGCL
082 0 4 _a791.43
_bم س
100 1 _aماجدة موريس
245 1 0 _aسميعة الغنيمى شاعرة السينما التسجيلية /
_cماجدة موريس
250 _aالاولى
260 _aالقاهرة :
_bالمجلس الاعلى للاثار ،
_c2003
260 _aالقاهرة :
_bصندوق التنمية الثقافية ،
_c2003
300 _a164ص ؛
_c21سم
650 0 4 _aالسينمائيون المصريون
650 0 4 _aالافلام التسجيلية
650 0 4 _aالسينما - مصر
650 0 4 _aسميحة الغنيمى
942 _2ddc
_cBK
999 _c7823
_d7823